An introduction to neutral computing
| Main Author: | |
|---|---|
| Other Authors: | |
| Format: | Book |
| Published: |
London :
Chapman and Hell ,
1990
|
| Subjects: |
MARC
| LEADER | 00000cam a2200000 7i4500 | ||
|---|---|---|---|
| 001 | 0000004987 | ||
| 002 | 000005378 | ||
| 005 | 20000330.0 | ||
| 020 | |a 0412377802 | ||
| 090 | 0 | 0 | |a 006.3 |b ALE |
| 100 | 1 | |a Aleksander, Igor | |
| 245 | 1 | 0 | |a An introduction to neutral computing |c Igor Aleksander and Helen Morton |
| 260 | |a London : |b Chapman and Hell , |c 1990 | ||
| 300 | |a 240p. ; |c 24cm. | ||
| 650 | 0 | 0 | |a Artificial intelligence |
| 700 | 1 | |a Morton, Helen | |
| 999 | |a 033544 |b BUKU |c PINJAMAN |e PERPUSTAKAAN KOMUNITI PETALING JAYA | ||